000 00431nam a22001817a 4500
003 LK-CoMWRAF
005 20231027120251.0
008 231027b |||||||| |||| 00| 0 eng d
020 _a‎ 8171511481
040 _aLK-CoMWRAF
_dLK-CoMWRAF
_eLK-CoMWRAF
041 _aeng
082 _a297
_bALI
100 _aAli, Syed Ameer
245 _aIslam
260 _aNew Delhi :
_bKitab bhavan,
_c1992
650 _aIslam
942 _cBK
999 _c4022
_d4022